000 00446nam a2200169Ia 4500
999 _c249
_d249
003 OSt
005 20210826101037.0
008 190216s9999||||xx |||||||||||||| ||und||
040 _coclc
082 _a297
_bVAH/A
100 _aVaheeb, Abu
_98688
245 0 _aAlisthirakiyathu Wal Islam /
_cAbu Vaheeb
260 _bPrabhakar Publications,
300 _a79p
650 _aArabic
942 _cBK
_2ddc
_h297
_iVAH/A
_k297
_mVAH/A